Tallest People on Average by Country - Statistics

General Stats
  • This quiz has been taken 78 times
  • The average score is 6 of 10
Answer Stats
Height Country % Correct
1 6'0" (1.838m) Netherlands
94%
3 6'0" (1.826m) Denmark
83%
6 5'11" (1.81m) Germany
83%
4 6'0" (1.824m) Norway
83%
8 5'11" (1.083m) Czech Republic
51%
5 6'0" (1.82m) Serbia
51%
2 6'0" (1.832m) Montenegro
48%
7 5'11" (1.805m) Croatia
46%
10 5'11" (1.799m) Luxembourg
41%
9 5'11" (1.083m) Slovenia
39%
No matching quizzes found
Score Distribution
Percent of People with Each Score
Percentile by Number Answered
Your Score History
You have not taken this quiz